Οδηγός αντιρατσιστικής εκπαίδευσης
Saved in:
| Main Author: | |
|---|---|
| Format: | Book |
| Language: | Greek |
| Published: |
Θεσσαλονίκη :
Επίκεντρο,
2011
|
| Subjects: | |
| Tags: |
Add Tag
No Tags, Be the first to tag this record!
|
MARC
| LEADER | 00000nam a2200000 i 4500 | ||
|---|---|---|---|
| 001 | 1/46093 | ||
| 008 | 140414s2011 gre d | ||
| 020 | |a 978-960-458-323-2 | ||
| 035 | |l 10117417 | ||
| 040 | |a GR-MY-UA |b gre |e aacr | ||
| 041 | 0 | |a gre | |
| 082 | 0 | |a 370.117 |2 (23) | |
| 100 | 1 | |a Τσιάκαλος, Γιώργος. | |
| 245 | 1 | 0 | |a Οδηγός αντιρατσιστικής εκπαίδευσης / |c Γιώργος Τσιάκαλος |
| 260 | |a Θεσσαλονίκη : |b Επίκεντρο, |c 2011 | ||
| 300 | |a 332 σ.; |c 25 εκ. | ||
| 650 | 0 | 0 | |a Racism |z Greece. |
| 650 | 0 | 0 | |a Educational equalization |z Greece. |
| 650 | 0 | 0 | |a Discrimination in education. |
| 650 | 0 | 0 | |a Minorities |x Education. |
| 650 | 0 | 0 | |a Multicultural education. |
| 650 | 0 | 0 | |a Racism in education |z Greece. |
| 852 | |a INST |b RHODES |e 20140919 |h 370.117 ΤΣΙ |p 005400036825 |q 005400036825 |t BK |y 0 | ||
| 852 | |a INST |b RHODES |c EUDOXUS |e 20140414 |h 370.117 ΤΣΙ |p 005400036400 |q 005400036400 |t EDX |y 0 | ||
| 901 | |a BIBL4-2014-1 | ||
| 901 | |a BIBL4-2014-3 | ||
| 909 | |a Ρ |b 182904 | ||
| 909 | |a Ρ |b 189676 | ||
| 920 | |a ΕΥΔΟΞΟΣ |b ΠΑΡΑΓΓΕΛΙΑ |y ΡΟΔΟΣ-ΠΤΔΕ |z 2014-04 | ||
| 922 | |a 4ΕΛΗ |b 201405 |c ΤΑΚ/ΤΕΠΑΕΣ |d BEST BOOK HUNTERS | ||
| 970 | |z 2014/04/14 | ||